<?xml version="1.0" encoding="UTF-8"?>
<record
    xmlns:xsi="http://www.w3.org/2001/XMLSchema-instance"
    xsi:schemaLocation="http://www.loc.gov/MARC21/slim http://www.loc.gov/standards/marcxml/schema/MARC21slim.xsd"
    xmlns="http://www.loc.gov/MARC21/slim">

  <leader>01348nam a22003377a 4500</leader>
  <controlfield tag="001">36327</controlfield>
  <controlfield tag="003">Ost</controlfield>
  <controlfield tag="005">20260507154548.0</controlfield>
  <controlfield tag="008">251113s9999||||xx |||||||||||||| ||eng||</controlfield>
  <datafield tag="020" ind1=" " ind2=" ">
    <subfield code="a">9788126713042</subfield>
  </datafield>
  <datafield tag="040" ind1=" " ind2=" ">
    <subfield code="c">nitttr</subfield>
  </datafield>
  <datafield tag="082" ind1=" " ind2=" ">
    <subfield code="a">891</subfield>
    <subfield code="b">NIT-P</subfield>
  </datafield>
  <datafield tag="100" ind1=" " ind2=" ">
    <subfield code="a">Harishankar Parsai - &#x939;&#x930;&#x93F;&#x936;&#x902;&#x915;&#x930; &#x92A;&#x930;&#x938;&#x93E;&#x908;</subfield>
  </datafield>
  <datafield tag="245" ind1=" " ind2="0">
    <subfield code="a">Nithalle Ki Diary - &#x928;&#x93F;&#x925;&#x932;&#x94D;&#x932;&#x947; &#x915;&#x940; &#x921;&#x93E;&#x92F;&#x930;&#x940;</subfield>
  </datafield>
  <datafield tag="250" ind1=" " ind2=" ">
    <subfield code="a">1st Ed.</subfield>
  </datafield>
  <datafield tag="260" ind1=" " ind2=" ">
    <subfield code="a">New Delhi, India</subfield>
    <subfield code="b">Rajkamal Prakashan </subfield>
    <subfield code="c">2016</subfield>
  </datafield>
  <datafield tag="300" ind1=" " ind2=" ">
    <subfield code="a">140 p.</subfield>
  </datafield>
  <datafield tag="650" ind1=" " ind2=" ">
    <subfield code="a"> &#x906;&#x927;&#x941;&#x928;&#x93F;&#x915; &#x92D;&#x93E;&#x930;&#x924;&#x940;&#x92F; &#x938;&#x92E;&#x93E;&#x91C; </subfield>
  </datafield>
  <datafield tag="650" ind1=" " ind2=" ">
    <subfield code="a"> &#x906;&#x92E; &#x906;&#x926;&#x92E;&#x940; &#x915;&#x940; &#x938;&#x92E;&#x938;&#x94D;&#x92F;&#x93E;&#x90F;&#x901; </subfield>
  </datafield>
  <datafield tag="650" ind1=" " ind2=" ">
    <subfield code="a"> &#x906;&#x932;&#x94B;&#x91A;&#x928;&#x93E;&#x924;&#x94D;&#x92E;&#x915; &#x926;&#x943;&#x937;&#x94D;&#x91F;&#x93F; </subfield>
  </datafield>
  <datafield tag="650" ind1=" " ind2=" ">
    <subfield code="a"> &#x924;&#x940;&#x916;&#x93E; &#x938;&#x93E;&#x92E;&#x93E;&#x91C;&#x93F;&#x915; &#x935;&#x93F;&#x936;&#x94D;&#x932;&#x947;&#x937;&#x923;</subfield>
  </datafield>
  <datafield tag="650" ind1=" " ind2=" ">
    <subfield code="a"> &#x92D;&#x94D;&#x930;&#x937;&#x94D;&#x91F;&#x93E;&#x91A;&#x93E;&#x930; &#x92A;&#x930; &#x915;&#x91F;&#x93E;&#x915;&#x94D;&#x937; </subfield>
  </datafield>
  <datafield tag="650" ind1=" " ind2=" ">
    <subfield code="a"> &#x92E;&#x93E;&#x928;&#x935;&#x940;&#x92F; &#x915;&#x92E;&#x91C;&#x94B;&#x930;&#x93F;&#x92F;&#x93E;&#x901; </subfield>
  </datafield>
  <datafield tag="650" ind1=" " ind2=" ">
    <subfield code="a"> &#x930;&#x93E;&#x91C;&#x928;&#x940;&#x924;&#x93F;&#x915; &#x906;&#x932;&#x94B;&#x91A;&#x928;&#x93E; </subfield>
  </datafield>
  <datafield tag="650" ind1=" " ind2=" ">
    <subfield code="a"> &#x938;&#x92E;&#x93E;&#x91C; &#x915;&#x940; &#x935;&#x93F;&#x938;&#x902;&#x917;&#x924;&#x93F;&#x92F;&#x93E;&#x901; </subfield>
  </datafield>
  <datafield tag="650" ind1=" " ind2=" ">
    <subfield code="a"> &#x938;&#x93E;&#x92E;&#x93E;&#x91C;&#x93F;&#x915; &#x91C;&#x93E;&#x917;&#x930;&#x942;&#x915;&#x924;&#x93E; </subfield>
  </datafield>
  <datafield tag="650" ind1=" " ind2=" ">
    <subfield code="a"> &#x938;&#x93E;&#x92E;&#x93E;&#x91C;&#x93F;&#x915; &#x935;&#x94D;&#x92F;&#x902;&#x917;&#x94D;&#x92F; </subfield>
  </datafield>
  <datafield tag="650" ind1=" " ind2=" ">
    <subfield code="a"> &#x939;&#x93E;&#x938;&#x94D;&#x92F; &#x914;&#x930; &#x935;&#x94D;&#x92F;&#x902;&#x917;&#x94D;&#x92F; &#x936;&#x948;&#x932;&#x940; </subfield>
  </datafield>
  <datafield tag="650" ind1=" " ind2=" ">
    <subfield code="a">&#x935;&#x94D;&#x92F;&#x902;&#x917;&#x94D;&#x92F; &#x938;&#x93E;&#x939;&#x93F;&#x924;&#x94D;&#x92F; </subfield>
  </datafield>
  <datafield tag="942" ind1=" " ind2=" ">
    <subfield code="c">BK</subfield>
  </datafield>
  <datafield tag="999" ind1=" " ind2=" ">
    <subfield code="c">130</subfield>
    <subfield code="d">130</subfield>
  </datafield>
  <datafield tag="952" ind1=" " ind2=" ">
    <subfield code="0">0</subfield>
    <subfield code="1">0</subfield>
    <subfield code="4">0</subfield>
    <subfield code="7">0</subfield>
    <subfield code="a">NITTTR</subfield>
    <subfield code="b">NITTTR</subfield>
    <subfield code="d">2026-05-07</subfield>
    <subfield code="l">0</subfield>
    <subfield code="o">891. NIT-P</subfield>
    <subfield code="p">50246</subfield>
    <subfield code="r">2026-05-07 15:45:48</subfield>
    <subfield code="w">2026-05-07</subfield>
    <subfield code="y">BK</subfield>
  </datafield>
</record>
